000 00308nam a22001337a 4500
008 170630b xxu||||| |||| 00| 0 eng d
020 _a9780132248020
041 _aeng
080 _a82
100 _a22
101 _aGJL
245 _aLITERATURE AND THE WRITING PROCESS
_cMCMAHAN.E
942 _2udc
_cBK
999 _c19720
_d19720